Annuaire statistique de la Belgique 1991
Gespeichert in:
| Format: | Buch |
|---|---|
| Sprache: | Französisch |
| Veröffentlicht: |
Bruxelles
Institut National de Statistique
[1992]
|
| Ausgabe: | 1. éd. |
| Tags: |
Keine Tags, Fügen Sie das erste Tag hinzu!
|
MARC
| LEADER | 00000nam a2200000 4500 | ||
|---|---|---|---|
| 001 | c005418 | ||
| 005 | 20221214085250.7 | ||
| 041 | 0 | |a fre | |
| 044 | |a BE | ||
| 245 | 1 | 0 | |a Annuaire statistique de la Belgique 1991 |
| 250 | |a 1. éd. | ||
| 264 | 1 | |a Bruxelles |b Institut National de Statistique |c [1992] | |
| 300 | |a 792 s. | ||